Fr. Conceicao Rodrigues College of Engineering

Network Analysis (Record no. 21950)

MARC details
000 -LEADER
fixed length control field 00332nam a2200157Ia 4500
082 ## - DEWEY DECIMAL CLASSIFICATION NUMBER
Classification number 621.385/VAL
Item number VAL
100 ## - MAIN ENTRY--PERSONAL NAME
Personal name Valkenburg/Van
250 ## - EDITION STATEMENT
Edition statement 3
245 ## - TITLE STATEMENT
Title Network Analysis
260 ## - PUBLICATION, DISTRIBUTION, ETC.
Name of publisher, distributor, etc. Prentice Hall of India
Place of publication, distribution, etc. New Delhi
Date of publication, distribution, etc. 1974
300 ## - PHYSICAL DESCRIPTION
Extent 571
546 ## - LANGUAGE NOTE
Language note ENGLISH
654 ## - SUBJECT ADDED ENTRY--FACETED TOPICAL TERMS
Focus term network
942 ## - ADDED ENTRY ELEMENTS (KOHA)
Koha item type BOOK
Holdings
Withdrawn status Lost status Damaged status Not for loan Collection Home library Current library Shelving location Date acquired Total Checkouts Full call number Barcode Date last seen Price effective from Koha item type
        CRC Fr. Agnel's C.Rodrigues College of Engineering Fr. Agnel's C.Rodrigues College of Engineering   17/03/2023   621.385/VAL VAL 17678 17/03/2023   BOOK